| 000 | 00466pab a2200157 454500 | ||
|---|---|---|---|
| 008 | 180718b2013 xxu||||| |||| 00| 0 eng d | ||
| 100 | _aPourmokhtari, Navid | ||
| 245 | _aA postcolonial critique of state sovereignty in IR: the contradictory legacy of a 'West-centric' discipline | ||
| 260 | _c2013 | ||
| 300 | _ap.1767-1793. | ||
| 650 | _aSovereignty | ||
| 650 | _aInternational relations | ||
| 773 | _aThird World Quarterly | ||
| 908 | _aN | ||
| 909 | _a102850 | ||
| 999 |
_c102848 _d102848 |
||